THE ARMADA (Record no. 12211)

MARC details
000 -LEADER
fixed length control field 00477nam a22001697a 4500
003 - CONTROL NUMBER IDENTIFIER
control field URS
005 - DATE AND TIME OF LATEST TRANSACTION
control field 20220114162350.0
008 - FIXED-LENGTH DATA ELEMENTS--GENERAL INFORMATION
fixed length control field 191119b ||||| |||| 00| 0 eng d
040 ## - CATALOGING SOURCE
Original cataloging agency DLC
Language of cataloging ENGLISH
Transcribing agency DMLUC
Modifying agency URS
082 ## - DEWEY DECIMAL CLASSIFICATION NUMBER
Edition number SENTRY EDITION
100 ## - MAIN ENTRY--PERSONAL NAME
Personal name Salandanan, Gloria G.,
Relator term author.
245 ## - TITLE STATEMENT
Title THE ARMADA
Statement of responsibility, etc. GARRETT MATTINGLY
250 ## - EDITION STATEMENT
Edition statement SENTRY EDITION
260 ## - PUBLICATION, DISTRIBUTION, ETC.
Place of publication, distribution, etc. U.S.A.
Name of publisher, distributor, etc. HOUGHTON MIFFLIN COMPANY
Date of publication, distribution, etc. 1959
300 ## - PHYSICAL DESCRIPTION
Extent 443 p
Other physical details COLORED
942 ## - ADDED ENTRY ELEMENTS (KOHA)
Source of classification or shelving scheme Library of Congress Classification
Koha item type Books
Edition SENTRY EDITION
Holdings
Withdrawn status Source of classification or shelving scheme Damaged status Not for loan Home library Current library Shelving location Date acquired Source of acquisition Total Checkouts Barcode Date last seen Price effective from Koha item type
  Library of Congress Classification     Angono College Library Angono College Library New Materials Shelf 11/19/2019 Purchased   URSANG-3875 11/19/2019 11/19/2019 Books

University of Rizal System
Email us at univlibservices@urs.edu.ph

Visit our Website www.urs.edu.ph/library